Statistics for A-Z of Scotland

Click here to take the quiz!

General Stats

  • This quiz has been taken 203 times
    (187 since last reset)
  • The average score is 13 of 26

Answer Stats

#HintAnswer% Correct
EHas an old and new townEdinburgh
91%
QMary, __of ScotsQueen
91%
DOne of 6 citiesDundee
88%
AInvented telephoneAlexander Graham Bell
87%
GInvented this sportGolf
87%
WDrink associated with scotland(although invented in China)Whisky
87%
UNational AnimalUnicorn
85%
OAberdeen is associated with this industryOil
76%
LThe Bonnie Banks o' ___ ____Loch Lomond
75%
SOne of it's official languagesScots/Scottish Gaelic
72%
N11% of all __ prizes have gone to a scottish personNobel
69%
IScottish DrinkIrn Bru
68%
TLongest RiverTay
60%
PBird(can be found on bass rock)Puffin
51%
RNickname 'Bravheart' was given to this personRobert the Bruce
51%
ZPostcode letters covering shetland islandsZE
40%
JFootball was originally banned by this KingJames I
38%
CScotland has over 3000 of theseCastles
25%
KNational Dress, Scottish __Kilts
22%
MDeepest Loch is Loch___Morar
17%
BTown is UFO Capital of worldBonnybridge
12%
Vvv
8%
HIs home to the world's tallest ____Hedge
7%
FEdinburgh was first city in world to have thisFire Brigade
5%
Xxx
5%
Yyy
5%

Score Distribution

Percentile by Number Answered

Percent of People with Each Score

Your Score History

You have not taken this quiz since the last reset